Normal view
MARC view
- العولمة-السياسة الدولية
Entry Topical Term
001 - CONTROL NUMBER
- control field: 16569
003 - CONTROL NUMBER IDENTIFIER
- control field: JO-AjAnu
005 - DATE AND TIME OF LATEST TRANSACTION
- control field: 20230606072937.0
008 - FIXED-LENGTH DATA ELEMENTS
- fixed length control field: 230606|| aca||aabn | a|a d
040 ## - CATALOGING SOURCE
- Original cataloging agency: JO-AjAnu
- Transcribing agency: JO-AjAnu
150 ## - HEADING--TOPICAL TERM
- Topical term or geographic name entry element: العولمة-السياسة الدولية
670 ## - SOURCE DATA FOUND
- Source citation: Work cat.: (JO-AjAnu)8509: المرسي،كمال الدين عبد الغني, author 16568, الخروج من فخ العولمة = Out of the globalization trap